000
00213 a2200097 4500
001
60416
090
_c
37014
_d
37014
100
_a
PAF
245
_a
Aerodynamics (AD And A&SD Courses)
260
_a
PAF
_b
PAF Press Masroor
_c
2008
942
_a
CAENUST
999
_c
295489
_d
295489